000 00594nam a2200181 i 4500
001 36287
003 ES-MaACL
005 20230906155335.0
007 t|
008 030217s1966 sp ||||1| spa d
100 1 _aBrinkmann, Roland.
_931761
245 1 0 _aCompendio de geología histórica /
_cRoland Brinkmann ; traducción bajo la dirección de José Mª Rios García.
260 _aBarcelona, etc. :
_bLabor,
_c1966.
300 _aXII, 337 p., 12 lám. :
_bil. ;
_c23 cm.
700 1 _aRios García, José María.
_9199930
852 _aES-MaACL
_jC-30217
_bR.60616
999 _c36287
_d36287